| 000 | 01006cam a2200205 4500 | ||
|---|---|---|---|
| 001 | WB@3612-54 | ||
| 008 | 041209n2004 000 0 eng u | ||
| 035 | _a(Sirsi) u128262 | ||
| 245 | _aConstruction output rising | ||
| 260 | _c2004 | ||
| 490 |
_aDTI Press Release _v(OEC-Q304) 3 December 2004 (3) |
||
| 520 | _aThe total volume of new work in the year to the third quarter of 2004 was 7% higher compared with the previous year. The total volume of repair and maintenance work was 1% higher in the year to the third quarter of 2004 compared with the previous year. The seasonally adjusted number of employees in employment in July 2004 was 1% higher compared with April 2004 and was 8% higher when compared with July 2003. Full details are available on the website. http://www.dti.gov.uk | ||
| 590 | _aWB | ||
| 590 | _aWB | ||
| 650 | _aCONSTRUCTION STATISTICS | ||
| 650 | _aCONSTRUCTION OUTPUT | ||
| 650 | _aEMPLOYMENT FIGURES | ||
| 690 | _aBUILDING AND CONSTRUCTION-ECONOMICS | ||
| 942 | _n0 | ||
| 999 |
_c118427 _d118427 |
||